[Event "CRO-chT1A 18th"]
[Site "Sibenik"]
[Date "2009.09.24"]
[Round "4"]
[White "Naiditsch, Arkadij"]
[Black "Tiviakov, Sergei"]
[Result "0-1"]
[WhiteElo "2685"]
[BlackElo "2670"]
[Annotator "Tiviakov,S"]
[PlyCount "132"]
[EventDate "2009.09.21"]
[EventType "team-tourn"]
[EventRounds "9"]
[EventCountry "CRO"]
[SourceTitle "CBM 132 Extra"]
[Source "ChessBase"]
[SourceDate "2009.11.03"]
[SourceVersion "1"]
[SourceVersionDate "2009.11.03"]
[SourceQuality "1"]

1. e4 d5 2. exd5 Qxd5 3. Nc3 Qd6 4. d4 c6 5. Bc4 (5. Bg5 Bf5 6. Qd2 e6 7. Nf3
Be7 8. O-O-O Nf6 9. Bd3 Bg4 10. Bxf6 Bxf6 11. Ne4 Qe7 12. Qf4 Bxf3 13. gxf3 Nd7
14. h4 Nb6 15. Nd6+ Kf8 16. Nc4 Nxc4 17. Bxc4 h5 18. Qe4 Rd8 19. c3 Rd6 20. Kb1
Qd8 21. Bb3 g6 22. f4 Qa5 23. Qe3 Kg7 24. Bc2 Rhd8 25. Rdg1 Kf8 26. Rg3 R8d7
27. Rf3 Qd8 28. Qe4 c5 29. Ba4 Rc7 30. dxc5 Rxc5 31. Bb3 b5 32. Qe3 Qb6 33. Qe2
a5 34. a3 Qd8 35. Qe3 Rf5 36. Bc2 Rfd5 37. Qe4 Rd2 38. f5 exf5 39. Qb7 Rb6 40.
Qa7 b4 41. axb4 axb4 42. cxb4 Rxb4 43. Qa3 Qd6 44. Rb3 Rxb3 45. Qxd6+ Rxd6 46.
Bxb3 Rd2 47. Bc2 Rxf2 48. Rd1 Bxh4 49. Rd7 Be7 50. Bb3 h4 51. Bd5 h3 52. Rc7 g5
{0-1 Gopal,G-Tiviakov,S/Kolkata 2007 (52)}) (5. Nf3 Bg4 (5... Nf6 6. Bg5 Bg4 7.
Be2 Nbd7 8. Qd2 e6 9. Bf4 Qb4 10. O-O Be7 11. a3 Qa5 12. h3 Bh5 13. Rfe1 O-O
14. g4 Bg6 15. Ne5 Nxe5 16. Bxe5 Rad8 17. Bf3 Nd7 18. Qe2 Nxe5 19. dxe5 Qb6 20.
Na4 Qd4 21. b3 Qf4 22. c4 Rd3 {0-1 Dhar-Barua,S-Tiviakov,S/Vlissingen 2007/The
Week in Chess 665 (22)}) 6. Be3 Nf6 7. h3 Bh5 8. g4 Bg6 9. Ne5 Nbd7 (9... Nd5
10. Nxd5 Qxd5 11. Rg1 Nd7 12. c4 {1/2-1/2 Fedorchuk,S-Tiviakov,S/Sibenik CRO
2009 (12)}) 10. Qe2 Nd5 11. Bg2 Nxe3 12. Qxe3 e6 13. O-O-O Nxe5 14. dxe5 Qc7
15. f4 Bb4 16. a3 Bxc3 17. Qxc3 h5 18. Rhf1 hxg4 19. hxg4 Rd8 20. Rde1 Qe7 21.
Kb1 Rh2 22. f5 exf5 23. gxf5 Bxf5 24. Rxf5 Rxg2 25. e6 fxe6 26. Qh3 Rdd2 27.
Qh8+ Kd7 28. Qb8 Rge2 29. Rxe2 Rxe2 30. Qxb7+ Kd6 31. Qb8+ Qc7 32. Qb4+ c5 33.
Qf4+ e5 34. Qg3 Qa5 35. Qxg7 Kd5 36. Qd7+ Ke4 37. Qd3# {1-0 Sadvakasov,
D-Tiviakov,S/Kolkata 2007 (37)}) (5. g3 Nf6 6. Bg2 g6 7. Nf3 Bg7 8. O-O O-O 9.
Re1 Na6 10. Bf4 Qd8 11. Qd2 Re8 12. Rad1 Bg4 13. h3 Bxf3 14. Bxf3 e6 15. Be5
Qe7 16. Ne4 Nxe4 17. Bxe4 Rad8 18. Bxg7 Kxg7 19. Qa5 Qc7 20. Qxc7 Nxc7 21. Rd3
Rd6 22. Rb3 Rb8 23. Kf1 g5 24. Bf3 Kf6 25. c3 h6 26. Re5 Ke7 27. a4 b6 28. Ra3
f6 29. Re2 c5 30. dxc5 bxc5 31. Ke1 f5 32. Rc2 a5 33. Ra1 Ne8 34. Rd1 Rxd1+ 35.
Kxd1 Nd6 36. Be2 e5 37. b4 cxb4 38. cxb4 Rxb4 39. Rc5 Rxa4 40. Rxe5+ Kf6 41.
Rc5 Ne4 42. Rc6+ Ke5 43. Rxh6 Ra1+ 44. Kc2 Ra2+ 45. Kd3 Nxf2+ 46. Ke3 Ne4 47.
Bb5 Ra3+ 48. Ke2 Nc3+ {0-1 Grana Lois,J-Tiviakov,S/Vila Nova de Gaia 2009 (48)}
) (5. Ne4 Qe6 6. Qe2 Nf6 7. f3 g6 8. g3 Nxe4 9. fxe4 Bg7 10. Bh3 f5 11. Nf3 O-O
12. Ng5 Qd6 13. c3 h6 14. Bf4 Qd7 15. Nf3 Qe6 16. Ne5 Nd7 17. exf5 gxf5 18. O-O
Nxe5 19. dxe5 Qg6 20. c4 Be6 21. Bg2 Rfd8 22. b3 Rd7 23. Bf3 Bf7 24. Rad1 Rad8
25. Rxd7 Rxd7 26. h4 Qe6 27. h5 Rd8 28. Re1 Be8 29. a4 Qd7 30. Qe3 a6 31. Kf2
Kh7 32. Be2 Qd4 33. Qxd4 Rxd4 34. e6 Re4 35. Bf3 Bd4+ 36. Kf1 Rxe1+ 37. Kxe1 b5
38. cxb5 cxb5 39. a5 b4 40. Be2 Kg7 41. Bxa6 Bxh5 42. Bb7 Kf6 43. a6 Kxe6 44.
Kd2 Kd7 45. Bb8 Bf7 46. Kc2 h5 47. a7 Bxa7 48. Bxa7 Kd6 49. Bf3 e5 50. Be3 Bg6
51. Kc1 h4 52. gxh4 f4 53. Bd2 Kc5 54. h5 Bh7 55. Bg4 Kd4 56. Bxb4 e4 57. Kd2 {
1-0 Bologan,V-Tiviakov,S/Sibenik CRO 2009 (57)}) 5... Nf6 (5... Nd7 6. Nf3 Ngf6
7. Qe2 Nb6 8. Bb3 e6 9. Ne4 Nxe4 10. Qxe4 Nd5 11. O-O Nf6 12. Qe2 Be7 13. c4
O-O 14. Rd1 c5 15. dxc5 Qxc5 16. Be3 Qh5 {1/2-1/2 Berg,E-Tiviakov,S/Crete 2007
(16)}) 6. Nge2 Bf5 7. O-O e6 8. Ng3 (8. Bf4 Qd8 (8... Qb4 9. Bb3 Qa5 10. d5
Nxd5 11. Nxd5 cxd5 12. Nd4 Be4 13. c4 Nc6 14. Nb5 Rc8 15. Qe2 a6 16. cxd5 Bxd5
17. Nc7+ Rxc7 18. Bxc7 Qxc7 19. Bxd5 Nd4 20. Qe4 Bc5 21. Rac1 Qb6 22. Bxb7 O-O
23. Qe3 e5 24. Bf3 Bd6 25. b3 f5 26. Bd5+ Kh8 27. Rc4 h6 28. Rfc1 f4 29. Qd3
Qa5 30. Bf3 Rf6 31. Rc8+ Bf8 32. a4 Qb6 33. R1c3 Qe6 34. h3 Qd6 35. Ra8 g6 36.
Rcc8 Qb4 37. Qc3 Nxf3+ 38. gxf3 Qd6 39. Rd8 Qe7 40. Re8 {1-0 Autenrieth,
M-Schmid,G/Abensberg 1987/EXT 1997 (40)}) 9. Ng3 Bg6 10. Re1 Be7 11. Nce4 (11.
Qe2 O-O 12. Rad1 Nd5 13. Bc1 Bb4 14. Qd2 Qa5 15. Nge2 Nd7 16. a3 Bxc3 17. Nxc3
Nxc3 18. bxc3 Nb6 19. Bb3 Qa6 20. Qe2 Qxe2 21. Rxe2 Nd5 22. Bb2 b5 23. c4 Nb6
24. cxb5 cxb5 25. Re5 a6 26. Bc1 Rac8 27. Rc5 Be4 28. f3 Bd5 29. Bd2 Bc4 30.
Kf2 Nd7 31. Rxc8 Rxc8 32. Ba5 Nf6 33. Bb4 Bxb3 34. cxb3 Rc2+ 35. Rd2 Rc1 36.
Rb2 h6 37. a4 bxa4 38. bxa4 Ra1 39. a5 Ra4 40. Be1 Nd5 41. Rc2 g5 42. g3 Kg7
43. Rc6 Ra2+ 44. Kg1 Ra1 45. Kf2 Ra2+ 46. Kg1 Ne3 47. Rc3 Rg2+ 48. Kh1 Re2 49.
Rc1 Kg6 50. Kg1 Rg2+ 51. Kh1 Ra2 52. Kg1 Rg2+ 53. Kh1 Rc2 54. Rxc2 Nxc2 55. Bc3
Ne3 56. Kg1 Kf5 57. Bb4 h5 58. Kf2 Nd5 59. Bd2 Nf6 60. Ke2 g4 61. Bb4 Nh7 62.
Be7 f6 63. Ke3 Ng5 64. fxg4+ hxg4 65. Kf2 Nf3 66. h3 Nxd4 67. hxg4+ Kg6 68. Bc5
Nc6 69. Bb6 Kg5 70. Kf3 Ne5+ 71. Ke4 Kxg4 72. Bd4 Nd7 73. Bxf6 Nxf6+ 74. Ke5
Nd7+ 75. Kxe6 Nc5+ 76. Kd5 Nb3 77. Kc6 Nxa5+ 78. Kb6 Nb7 79. Kxa6 {1/2-1/2
Pavelka,J-Buran,J/Moravia 2003/EXT 2006 (79)}) 11... Nxe4 12. Nxe4 O-O 13. c3
Nd7 14. Qe2 Re8 15. Bd6 Nf6 16. Bxe7 Qxe7 17. Nxf6+ Qxf6 18. Qe5 Qe7 19. Re3 b5
20. Bb3 a5 21. a3 Rec8 22. f4 Qc7 23. Rae1 h6 24. g4 c5 25. dxc5 Qxc5 26. f5
exf5 27. gxf5 Bxf5 28. Qxc5 Rxc5 29. Re7 Bg6 30. Rf1 Rf8 31. Rd1 a4 32. Ba2
Rfc8 33. Rdd7 Rg5+ 34. Kf2 Rf5+ 35. Ke3 Rf1 36. Kd2 Rf6 37. Ke3 Rc5 38. Kd4 Rh5
39. Rd8+ Kh7 40. Ree8 Bf5 41. Re5 Rxh2 42. Rb8 Rxb2 43. Rbxb5 Rxa2 44. Rxf5
Rxf5 45. Rxf5 Kg6 46. Re5 Rxa3 47. c4 Kf6 48. Re2 Rb3 49. Rf2+ Ke6 50. Re2+ Kd6
51. c5+ Kc6 52. Kc4 Rf3 53. Rg2 g6 54. Ra2 Rf4+ 55. Kd3 Kxc5 {0-1 Larghi,
R-Marelli,M/Robecchetto 1992/EXT 2000 (55)}) (8. Re1 Qb4 9. Bb3 Bd6 10. Bf4
Bxf4 11. Nxf4 O-O 12. Nce2 Qd6 13. Qd2 Nd5 14. Rad1 Nd7 15. Nh5 Bg6 16. Nhg3
N7f6 17. c4 Ne7 18. Nf4 Qc7 19. h4 h6 20. Nxg6 Nxg6 21. h5 Ne7 22. Bc2 Rfd8 23.
Qe3 Qa5 24. Qe5 Qxa2 25. Ne4 Qxc4 26. Nxf6+ gxf6 27. Qxf6 Qxc2 28. Qxe7 Rd5 29.
Qxb7 Rad8 30. Rc1 Qd2 31. Rcd1 Qf4 32. Qxa7 Rxh5 33. Re3 Qh2+ 34. Kf1 Rg5 35.
g3 Rf5 36. Rd2 Qh1+ 37. Ke2 Qg1 38. Rf3 Rxf3 39. Kxf3 Rd5 {0-1 Rolletschek
Heinrich (AUT)-Pfaffel Thomas (AUT)/Tweng (Austria) 2007 (39)}) 8... Bg6 9.
Nce2 (9. f4 Qd7 (9... Bxc2 10. Qe2 (10. Qd2 Bf5 11. Nxf5 exf5 12. Re1+ Be7 13.
Kh1 O-O 14. d5 b5 15. Bb3 b4 16. Nd1 Ne4 17. Qc2 g6 18. Ne3 Qc5 19. a3 bxa3 20.
bxa3 Rd8 21. g4 Qxc2 22. Bxc2 Bh4 23. Re2 Nf2+ 24. Kg2 Nxg4 25. Nxg4 fxg4 26.
dxc6 Nxc6 27. Be4 Nd4 28. Rb2 Rac8 29. Be3 Bf6 {0-1 Iliopoulos,A-Nikolaidis,I/
Korinthos 2004/CBM 101 ext (29)}) 10... Be7 11. f5 Qxd4+ 12. Kh1 Qg4 13. Rf3 e5
14. h3 Qh4 15. Bxf7+ Kxf7 16. Qxc2 Rd8 17. Qb3+ Kf8 18. Qxb7 Nbd7 19. Nf1 Nc5
20. Qxc6 Rab8 21. Re3 e4 22. b4 Rdc8 23. Qxc8+ Rxc8 24. bxc5 Bxc5 25. Rg3 {
0-1 Charbonneau,P-Zatonskih,A/Reykjavik 2004/CBM 099 ext (25)}) 10. f5 exf5 (
10... Bxf5 11. Nxf5 exf5 12. Qd3 g6 13. Bg5 Be7 14. Rae1 O-O 15. g4 h6 16. Bxh6
Nxg4 17. Bxf8 Bxf8 18. Ne2 b5 19. Bb3 Na6 20. Nf4 Kg7 21. a4 Bd6 22. d5 Qc7 23.
Qd4+ Be5 24. Rxe5 Qxe5 25. Qxe5+ Nxe5 26. dxc6 bxa4 27. Bxa4 Nc5 28. Bb5 a6 29.
Ra1 Rb8 30. c7 Rc8 31. Bxa6 Nxa6 32. Rxa6 Rxc7 33. c3 Rd7 34. Ra5 Rd1+ 35. Kf2
Rd2+ 36. Kg3 Nc4 37. Rc5 Nxb2 38. h4 Rd7 39. Rc6 Nd3 40. Nxd3 Rxd3+ 41. Kg2 Kh6
{0-1 Hoffmann,M-Cicak,S/Sitges 1999/EXT 2000 (41)}) 11. Bg5 Be7 12. Bxf6 Bxf6
13. Qe1+ Qe7 14. Nxf5 Bxf5 15. Rxf5 Bxd4+ 16. Kh1 f6 17. Ne4 Be5 18. Rd1 Nd7
19. Qa5 g6 20. Rff1 b5 21. Bb3 f5 22. h3 Rd8 23. Qxa7 Rf8 24. Nd2 Nc5 25. Qb6
Rf6 26. Nf3 Rb8 27. Qxc5 Qxc5 28. Rfe1 Rd6 29. Rc1 Kf8 30. Rxe5 Qf2 31. Ng5 Rd2
32. Nxh7+ Kg7 33. Re7+ Kh6 34. Rg1 Rbd8 35. Nf6 Rd1 36. Rxd1 Rxd1+ 37. Kh2 Qf4+
{0-1 Al Modiahki,M-Cicak,S/Benasque 1999/EXT 2001 (37)}) 9... Nbd7 10. Bf4 $146
(10. Bb3 O-O-O (10... Qc7 $11 {/\Bd6}) 11. Bf4 Qb4 12. c4 e5 13. Bd2 Qb6 14. c5
Qc7 15. f4 exd4 16. f5 Bh5 17. Nxh5 Nxh5 18. Bxf7 d3 19. Bxh5 Bxc5+ 20. Kh1
dxe2 21. Qxe2 Nf6 22. Bc3 Bd4 23. Bf3 Bxc3 24. bxc3 Rhe8 25. Qf2 Kb8 26. Rfe1
Qf4 27. Rxe8 Rxe8 28. Qc5 Qe5 29. Qxe5+ Rxe5 30. g4 Kc7 31. Kg2 Ra5 32. Kg3 h6
33. h4 Ra3 34. g5 hxg5 35. hxg5 Nd7 36. Rg1 Ne5 37. Be4 Kd6 38. Kf4 Nf7 39. f6
gxf6 40. g6 Ng5 41. g7 Ne6+ 42. Kf5 Nxg7+ 43. Rxg7 b5 44. Rf7 Rxc3 45. Rxa7 b4
46. Ra6 Kc7 47. Kxf6 b3 48. axb3 Rxb3 49. Rxc6+ Kb8 50. Ke5 Ka7 51. Bd5 Rb1 52.
Rc8 Rg1 53. Kd6 Rd1 54. Ra8+ Kb6 55. Rb8+ Ka7 56. Rb4 Rg1 57. Bc6 Ka6 58. Kc7
Rg7+ 59. Bd7 Rg5 60. Rh4 Re5 61. Kc6 Ka7 62. Ra4+ Kb8 63. Kb6 Re1 64. Rh4 Rb1+
65. Bb5 Rc1 66. Rh8+ Rc8 67. Rh7 Rc1 68. Bc6 Rb1+ 69. Kc5 Kc8 70. Kd6 Rd1+ 71.
Bd5 Kb8 72. Rb7+ Kc8 73. Ra7 Rb1 74. Rh7 {1-0 Del Rio Angelis,S-Pinheiro,J/
Leon 2001/CBM 086 (74)}) 10... Qb4 11. Bb3 Be7 (11... O-O-O {- 10.Bb3 0-0-0 11.
Bf4 Qb4}) 12. Bg5 Qa5 13. h4 $6 (13. f4 $11) 13... O-O-O (13... h6 14. Bd2 (14.
Bxf6 Nxf6 15. Nf4 Bh7 $15) 14... Qc7 15. Nf4 Bh7 $15) 14. Nf4 Nf8 15. c3 h6 16.
Bxf6 Bxf6 17. Qf3 $6 (17. h5 Bh7 18. Qf3 $11) 17... Bh7 $6 (17... h5 $5 $15)
18. Nfh5 Nd7 (18... Bxh4 19. Qxf7) 19. Rfe1 Qc7 (19... Bxh4 20. Qxf7 g6 21. Ng7
Rhf8 22. Qxe6 Bf6 23. Qd6 Bxg7 24. Re7 $14) 20. Ne4 Bxh4 $5 (20... Bxe4 21.
Rxe4 Qd6 $11) 21. Qxf7 Bxe4 22. Rxe4 Rdf8 23. Qxe6 Bxf2+ 24. Kh1 Kb8 25. Re2 (
25. Qe7 $1 $14) (25. Rf1 Nf6 26. Nxf6 Rxf6 27. Qe8+ Rxe8 28. Rxe8+ Qc8 29.
Rxc8+ Kxc8 $11) 25... Nf6 26. Nxg7 $2 (26. Nxf6 Rxf6 27. Qe8+ Rxe8 28. Rxe8+
Qc8 29. Rxc8+ Kxc8 $11) (26. Rxf2 Nxh5 27. Rxf8+ Rxf8 28. Re1 a6 $11) 26... Ng4
$1 (26... Bxd4 27. cxd4 (27. Qe7 $11) 27... Qxg7 $11) 27. Qxg4 $8 Rf4 28. Qh5 (
28. Qh3 Rh4 29. Rxf2 Rxh3+ 30. gxh3 Qxg7 $15) 28... Rh4+ 29. Qxh4 Bxh4 30. Nf5
Bg5 (30... Bd8 $5) 31. Rf1 Rf8 32. Rf3 a6 33. Be6 (33. d5 cxd5 (33... Qa5 34.
c4 $15) 34. Bxd5 $15) 33... Ka7 34. c4 (34. b4 $15) 34... Qa5 35. b3 Qa3 36.
Ref2 $6 $138 (36. Rf1 Qb4 37. Rf3 $15) 36... Bd8 $1 {[/\Qc1-g5]} 37. d5 cxd5
38. cxd5 Bb6 39. Rc2 Qb4 40. Re2 (40. Rc1 Qd2 $17) (40. Kh2 Qe1 $17) 40... Qg4
41. Kh2 $8 Rf6 $19 {[/\Rg6-g5]} 42. Rc2 Rg6 43. Ng3 Qh4+ (43... Rxe6 $2 44. Rc4
$1 Bd4 45. Rxd4 Qxd4 46. dxe6 $15) 44. Bh3 Qd4 45. Ne2 (45. Bf5 Rg5 46. Kh3
Qxd5 $19) 45... Qxd5 46. Nf4 Qd1 (46... Bg1+ $1 47. Kxg1 (47. Kh1 Qd1 $19)
47... Qxf3 48. Nxg6 Qd1+ $19) 47. Nxg6 Qxc2 48. Bf5 Qxa2 49. Kh3 Qa1 50. Nf4
Bc7 51. g3 Qh1+ 52. Kg4 Qd1 53. Be4 Qd4 54. Bf5 Qg7+ 55. Kh3 Qe5 56. Ne6 Bb6
57. Kg4 Be3 58. Nf4 b5 59. Ng2 Bc1 60. Nf4 a5 61. Nd3 Qd4+ 62. Nf4 a4 63. bxa4
bxa4 64. Rd3 Qg7+ 65. Kf3 a3 66. Ne6 Qf7 0-1

[Event "CRO-chT1A 18th"]
[Site "Sibenik"]
[Date "2009.09.29"]
[Round "9"]
[White "Tiviakov, Sergei"]
[Black "Eljanov, Pavel"]
[Result "1-0"]
[WhiteElo "2670"]
[BlackElo "2717"]
[PlyCount "147"]
[EventDate "2009.09.21"]
[EventType "team-tourn"]
[EventRounds "9"]
[EventCountry "CRO"]
[SourceTitle "CBM 132 Extra"]
[Source "ChessBase"]
[SourceDate "2009.11.03"]
[SourceVersion "1"]
[SourceVersionDate "2009.11.03"]
[SourceQuality "1"]

1. e4 e5 2. Nf3 Nc6 3. Bb5 Nf6 4. Qe2 Bc5 5. c3 O-O 6. d3 Re8 7. Bg5 h6 8. Bh4
Be7 9. Nbd2 d6 10. Nf1 a6 11. Ba4 Nd7 12. Bg3 Nb6 13. Bb3 a5 14. a4 Be6 15.
Bxe6 fxe6 16. Ne3 Rf8 17. O-O Bg5 18. Nxg5 Qxg5 19. f3 Nd7 20. Kh1 Nf6 21. Bf2
Nh5 22. g3 Nf6 23. Nc4 Qh5 24. Rae1 d5 25. Ne3 Rad8 26. Kg2 Rd7 27. Bg1 b6 28.
Rd1 Qe8 29. Rde1 Qa8 30. Nc2 Re8 31. Be3 Nd8 32. Na3 Nf7 33. Qc2 Red8 34. Bc1
Re7 35. Re2 Nd7 36. Be3 Nd6 37. Bg1 c5 38. Nb5 Nxb5 39. axb5 Qb8 40. c4 Qd6 41.
Be3 Rf7 42. Ref2 Nf6 43. Qe2 Kh8 44. Rh1 Rdf8 45. Bd2 Nd7 46. Bc3 Rg8 47. Re1
Re8 48. f4 dxc4 49. dxc4 exf4 50. Qh5 Kg8 51. Rxf4 Rxf4 52. gxf4 Rf8 53. Qg6
Rf7 54. f5 Nf8 55. Qg4 exf5 56. exf5 Qd7 57. Re5 Qb7+ 58. Kg1 Qd7 59. Rd5 Qe8
60. f6 Nd7 61. Rd6 Qe3+ 62. Kg2 Ne5 63. Rd8+ Kh7 64. Qf5+ Ng6 65. fxg7 Qe2+ 66.
Kh1 Rxg7 67. Bxg7 Qe1+ 68. Kg2 Qe2+ 69. Kg3 Qe3+ 70. Kg4 Qe2+ 71. Qf3 Qxc4+ 72.
Bd4 Qe6+ 73. Qf5 h5+ 74. Kg5 1-0

[Event "Corus"]
[Site "Wijk aan Zee"]
[Date "2010.01.27"]
[Round "10"]
[White "Tiviakov, Sergei"]
[Black "Smeets, Jan"]
[Result "1-0"]
[WhiteElo "2662"]
[BlackElo "2657"]
[Annotator "Marin,M"]
[PlyCount "67"]
[EventDate "2010.01.16"]
[EventType "tourn"]
[EventRounds "13"]
[EventCountry "NED"]
[EventCategory "19"]
[SourceTitle "CBM 135"]
[Source "ChessBase"]
[SourceDate "2010.03.17"]
[SourceVersion "1"]
[SourceVersionDate "2010.03.17"]
[SourceQuality "1"]

1. e4 e5 2. Nf3 Nf6 3. d4 Nxe4 4. Bd3 d5 5. Nxe5 Nd7 6. Nxd7 Bxd7 7. O-O Qh4 {
The classical continuation.} ({Over the past years,} 7... Bd6 {has been by far
more popular.}) 8. c4 O-O-O 9. c5 g6 10. Nc3 Bg7 11. Be3 Nxc5 12. g3 Qh3 13.
Be2 h5 14. Nxd5 Ne6 $146 (14... Ba4 15. b3 Rxd5 16. bxa4 Rhd8 17. Bf3 Rxd4 18.
Qc2 b6 19. Bxd4 Bxd4 20. Rad1 {Polgar,J (2630)-Skembris,S (2525)/Moscow 1994/
CBM 045/[Notkin] (1-0, 30)}) 15. Rc1 Kb8 16. Nf4 Qf5 17. Bd3 Qa5 18. d5 Nd4 19.
Rc4 Bg4 20. f3 Nxf3+ 21. Rxf3 Rhe8 22. Bf2 g5 23. Nxh5 Bxh5 24. g4 Qxd5 25. Rc5
Re1+ 26. Qxe1 Qxf3 27. Be2 Qe4 28. gxh5 Re8 29. Rxg5 Bxb2 30. Qd2 Bf6 31. Rg4
Qf5 32. h6 b6 33. Qd3 Qh5 34. Bf3 1-0

[Event "Tata Steel-B 74th"]
[Site "Wijk aan Zee"]
[Date "2012.01.16"]
[Round "3"]
[White "Potkin, Vladimir"]
[Black "Tiviakov, Sergei"]
[Result "0-1"]
[WhiteElo "2684"]
[BlackElo "2677"]
[PlyCount "90"]
[EventDate "2012.01.14"]
[EventType "tourn"]
[EventRounds "13"]
[EventCountry "NED"]
[EventCategory "15"]
[SourceTitle "CBM 147"]
[Source "ChessBase"]
[SourceDate "2012.03.16"]
[SourceVersion "1"]
[SourceVersionDate "2012.03.16"]
[SourceQuality "1"]

1. d4 Nf6 2. c4 e6 3. Nf3 b6 4. g3 Bb7 5. Bg2 Be7 6. O-O O-O 7. Nc3 Na6 8. Bf4
Ne4 9. Re1 Nxc3 10. bxc3 Be4 11. Bf1 c5 12. Nd2 Bb7 13. e4 cxd4 14. cxd4 Rc8
15. h4 Bb4 16. Rc1 d6 17. Bg5 Qe8 18. Bh3 Rc7 19. Re2 e5 20. d5 Bc8 21. Bxc8
Qxc8 22. Nf1 Rxc4 23. Rxc4 Qxc4 24. Ne3 Qxe4 25. Rc2 f6 26. Rc4 Qg6 27. h5 Qf7
28. Bh4 f5 29. Qa4 Ba5 30. g4 fxg4 31. Rxg4 Nc5 32. Qc2 Qxh5 33. Be7 Rf4 34.
Rg5 Qf7 35. Bxd6 Qf6 36. Rh5 Qxd6 37. Qxh7+ Kf7 38. Rg5 Qh6 39. Rf5+ Rxf5 40.
Qxf5+ Kg8 41. Ng4 Qf4 42. Qg6 Nd7 43. Qe8+ Nf8 44. Nxe5 Bb4 45. Nd3 Qg4+ 0-1